Municipalities of Limburg on a Map - Statistics

General Stats
  • This quiz has been taken 283 times
  • The average score is 27 of 42
Answers on the Map
Answers color-coded by a green-red scale on the quiz's map according to % correct below.
 
Answer Stats
Municipality % Correct
Hasselt
97%
Genk
92%
Voeren
85%
Maaseik
83%
Maasmechelen
81%
Lommel
80%
Sint-Truiden
79%
Tongeren
78%
Peer
75%
Beringen
71%
Bilzen
70%
Ham
69%
Leopoldsburg
68%
Heusden-Zolder
67%
Lanaken
67%
Pelt
67%
Tessenderlo
67%
Dilsen-Stokkem
65%
Houthalen-Helchteren
65%
Kinrooi
65%
As
64%
Bree
64%
Hamont-Achel
64%
Hechtel-Eksel
64%
Zonhoven
64%
Lummen
63%
Diepenbeek
61%
Alken
60%
Oudsbergen
59%
Riemst
59%
Zutendaal
58%
Herk-de-Stad
57%
Herstappe
53%
Hoeselt
53%
Bocholt
52%
Borgloon
52%
Gingelom
52%
Halen
51%
Heers
47%
Kortessem
47%
Wellen
47%
Nieuwerkerken
45%
No matching quizzes found
Score Distribution
Percent of People with Each Score
Percentile by Number Answered
Your Score History
You have not taken this quiz